000 00624nam a2200253Ia 4500
005 20260121153843.0
008 008 260114s9999 xx 000 0 eng d
020 _a9780429505287
037 _aEBOOK
040 _aCRL
040 _beng
040 _cCRL
041 _2eng
041 _aeng
084 _qCRL
100 _aFalk Ostermann
_9999951
245 0 _aSecurity, Defense Discourse and Identity in NATO and Europe
260 _bTaylor and Francis
260 _c2019
856 _uhttp://www.taylorfrancis.com/books/9780429505287
942 _cEBOOK
999 _c1566772
_d1566772